00417nam a22001337a 4500003000400000008004100004082001700045100001600062245011700078260003200195300001000227502001500237650003100252OSt260429b |||||||| |||| 00| 0 eng d a634.44bS11E aSah, Kavita aEffect of Post-Harvest Application of Chemicals Hot water and Wrappers on Shelf Life of Mango CV. Prabha Shankar aPusa, SamastipurbRAUc1998 a114P. bMsc.d1998 aFruit and Fruit Technology